000 01021nam a22003015i 4500
001 18723
003 ES-MaACL
005 20230906151917.0
007 t|
008 020218s1994 sp ||||0| spa j
020 _a84-7719-438-6
040 _aM-BN
_bspa
_cM-BN
080 _a619(035.3)"17"
100 1 _aArredondo, Martín.
_923240
245 1 0 _aTratado segundo, Flores de Albeytería /
_c[por Martin de Arredondo].
250 _aEd. facs.
260 _aLeón :
_bUniversidad de León, Secretariado de Publicaciones,
_cD.L. 1994.
300 _a[16], 132 p ;
_c31 cm.
500 _aMención de responsabilidad tomada de la port. facs.
500 _aReprod. facs. de la ed. de: Madrid : por María de Quiñones, 1661.
650 1 4 _aVeterinaria-
_vObras anteriores a 1800.
_917769
655 7 _2tgfbne
_9226495
_aFacsímiles
710 2 _aUniversidad de León.
_97200
740 0 _aFlores de albeytería.
852 _aES-MaACL
_jL-25298
_bR.129617
942 _2udc
999 _c18723
_d18723